000 01034nam a2200181 i 4500
001 121681
003 ES-MaACL
005 20230906191811.0
007 t|
008 070214s1923 xxu r ||||1| eng d
100 1 _aPorter, A. Kingsley.
_968076
245 1 0 _aRomanesque sculpture of the pilgrimage roads /
_cArthur Kingsley Porter.
260 _aBoston :
_bMr. Grath. Sherrill Press,
_c1923.
300 _a2 t., 10 v. :
_bil. ;
_c24 cm.
505 8 _aContiene: I. Text- XXVII + 385 pág. -- II. Burgundy- 12 pág. + 150 lám. -- III. Toscany and Apulia- 9 págs. + lám. 151-261 -- IV.- Aquitaine- 16 pág.+ lám. 262-511. -- V. Catalonia, and Aragón.- 10 pág. + lám. 513-636 -- VI Castile. Asturias. Galicia- 16 pág. + lám. 637-895 -- VII. Western France.- 16 pág.+ lám. 893-1138 --VIII.- Auvergne and, Dauphine- 11 pág.+ lám. 1139- 1277 -- IX.- Provence- 18 pág. + lám. 1278-1410 -- X.- Ile de France-10 pág.+ lám. 1411-1527
650 4 _aEscultura románica-
_zEspaña.
_9149893
852 _aES-MaACL
_jC-8354-63
999 _c121681
_d121681